Vplyv legislatívnych zmien na podnikanie malých a stredných podnikov v Slovenskej republike

Salvato in:
Dettagli Bibliografici
Autore principale: Šúbertová, Elena
Natura: Capitolo di libro
Lingua:inglese
Tags: Aggiungi Tag
Nessun Tag, puoi essere il primo ad aggiungerne!!

MARC

LEADER 00000nla a2200000 4500
001 0176921
005 20240522091822.4
041 0 |a eng 
044 |a SK 
245 1 0 |a Vplyv legislatívnych zmien na podnikanie malých a stredných podnikov v Slovenskej republike  |c Elena Šúbertová 
100 1 |a Šúbertová, Elena